[Event "Garcia Ilundain Memorial"]
[Site "Barcelona"]
[Date "2004.??.??"]
[Round "?"]
[White "Moreno Fernandez, Hector"]
[Black "Leiva Velasco, David"]
[Result "1-0"]
[WhiteElo "2106"]
[BlackElo "1963"]
[PlyCount "59"]
[EventDate "2004.12.??"]
[EventType "tourn"]
[EventRounds "9"]
[EventCountry "ESP"]
[SourceTitle "EXT 2007"]
[Source "ChessBase"]
[SourceDate "2006.11.23"]
[SourceVersion "1"]
[SourceVersionDate "2006.11.23"]
[SourceQuality "1"]

1. e4 e6 2. d4 d5 3. Nc3 Bb4 4. e5 c5 5. a3 Bxc3+ 6. bxc3 Ne7 7. Nh3 Nbc6 8. Qg4 Ng6 9. Bd3 Qa5 10. Bd2 Qa4 11. Ng5 cxd4 12. f4 dxc3 13. Bxc3 Ncxe5 14. Qg3 Nxd3+ 15. cxd3 0-0 16. 0-0 f6 17. Nxe6 Bxe6 18. f5 Bf7 19. fxg6 Bxg6 20. Bb4 Rfe8 21. h4 Qb5 22. Rf3 d4 23. Rc1 Rac8 24. Rc7 Rxc7 25. Qxc7 Bxd3 26. h5 Be4 27. Rg3 Bg6 28. hxg6 h6 29. Qf7+ Kh8 30. Rh3 1-0

[Event "Garcia Ilundain Memorial"]
[Site "Barcelona"]
[Date "2004.??.??"]
[Round "?"]
[White "Vila Gazquez, Jordi"]
[Black "Moreno Fernandez, Hector"]
[Result "1-0"]
[WhiteElo "2065"]
[BlackElo "2106"]
[PlyCount "60"]
[EventDate "2004.12.??"]
[EventType "tourn"]
[EventRounds "9"]
[EventCountry "ESP"]
[SourceTitle "EXT 2007"]
[Source "ChessBase"]
[SourceDate "2006.11.23"]
[SourceVersion "1"]
[SourceVersionDate "2006.11.23"]
[SourceQuality "1"]

1. e4 c5 2. Nf3 e6 3. Nc3 d6 4. g3 Nf6 5. Bg2 Nc6 6. 0-0 Be7 7. d3 Bd7 8. Ng5 Rb8 9. f4 b5 10. h3 Qc7 11. Ne2 Nd4 12. Be3 Nxe2+ 13. Qxe2 a5 14. Rae1 b4 15. Bc1 Bc6 16. e5 Bxg2 17. Kxg2 Nd7 18. f5 Nxe5 19. fxe6 f6 20. Nf7 0-0 21. Nxe5 dxe5 22. Qg4 Kh8 23. Kh2 Qd6 24. Re4 Rb6 25. Qh5 Qxe6 26. Rh4 Qg8 27. Qg6 Rd6 28. Rf5 Rd4 29. g4 Rf7 30. Rfh5 Rf8 1-0

[Event "Hostafrancs op 5th"]
[Site "Barcelona"]
[Date "2003.08.31"]
[Round "2"]
[White "Moreno Fernandez, Hector"]
[Black "Hendriks, Willy"]
[Result "0-1"]
[WhiteElo "2075"]
[BlackElo "2423"]
[PlyCount "40"]
[EventDate "2003.08.30"]
[EventType "swiss"]
[EventRounds "9"]
[EventCountry "ESP"]
[SourceTitle "EXT 2004"]
[Source "ChessBase"]
[SourceDate "2003.11.25"]
[SourceVersion "1"]
[SourceVersionDate "2003.11.25"]
[SourceQuality "1"]

1. e4 d6 2. d4 Nf6 3. Nc3 g6 4. f4 Bg7 5. Nf3 0-0 6. Bd3 Nc6 7. e5 dxe5 8. dxe5 Nd5 9. Nxd5 Qxd5 10. Qe2 Bg4 11. Be3 Bxf3 12. gxf3 Rad8 13. Be4 Qa5+ 14. c3 f6 15. a4 Nb8 16. Bxb7 c6 17. Qc4+ Kh8 18. Bxc6 fxe5 19. Bb5 a6 20. b4 axb5 0-1

[Event "La Pobla de Lillet op 13th"]
[Site "La Pobla de Lillet"]
[Date "2003.??.??"]
[Round "4"]
[White "Moreno Fernandez, Hector"]
[Black "Casamitjana Nunez, Andres"]
[Result "1-0"]
[WhiteElo "2075"]
[BlackElo "1838"]
[PlyCount "57"]
[EventDate "2003.08.??"]
[EventType "swiss"]
[EventRounds "9"]
[EventCountry "ESP"]
[SourceTitle "EXT 2005"]
[Source "ChessBase"]
[SourceDate "2004.11.15"]
[SourceVersion "1"]
[SourceVersionDate "2004.11.15"]
[SourceQuality "1"]

1. e4 Nf6 2. e5 Nd5 3. d4 d6 4. c4 Nb6 5. f4 dxe5 6. fxe5 Nc6 7. Be3 Bf5 8. Nc3 e6 9. Nf3 Be7 10. Be2 0-0 11. 0-0 f6 12. a3 fxe5 13. d5 e4 14. Nd2 exd5 15. cxd5 Ne5 16. Bd4 Bd6 17. Ndxe4 Bxe4 18. Nxe4 Nxd5 19. Qb3 c6 20. Nxd6 Qxd6 21. Qxb7 Rfc8 22. Qa6 Kh8 23. Qa5 Rf8 24. Rxf8+ Rxf8 25. Qxa7 Nf4 26. Bf1 Ne6 27. Bc3 Ng4 28. g3 Rf7 29. Qxf7 1-0

[Event "Barcelona Sant Marti op 04th"]
[Site "Barcelona"]
[Date "2002.05.18"]
[Round "7.27"]
[White "Castellano Gual, Sergio"]
[Black "Moreno Fernandez, Hector"]
[Result "0-1"]
[WhiteElo "1820"]
[BlackElo "1870"]
[PlyCount "94"]
[EventDate "2002.04.06"]
[EventType "swiss"]
[EventRounds "9"]
[EventCountry "ESP"]
[SourceTitle "EXT 2003"]
[Source "ChessBase"]
[SourceDate "2002.11.25"]
[SourceVersion "1"]
[SourceVersionDate "2002.11.25"]
[SourceQuality "1"]

1. e4 c5 2. Nc3 e6 3. g3 d6 4. Bg2 Nc6 5. Nge2 Nf6 6. d3 Be7 7. 0-0 0-0 8. d4 cxd4 9. Nxd4 Rb8 10. Be3 a6 11. Rb1 Ne5 12. h3 Qc7 13. a3 Nc4 14. Qe1 Nxe3 15. Qxe3 Nd7 16. Rfd1 Nb6 17. b3 Bd7 18. Nde2 Rbc8 19. a4 Bc6 20. Qd3 Nd7 21. Na2 Ne5 22. Qc3 Bf6 23. Qd2 Rfd8 24. f4 Ng6 25. Qd3 b5 26. axb5 axb5 27. Nb4 Qb6+ 28. Kh2 Bb7 29. Ra1 Bxa1 30. Rxa1 Qc5 31. c3 Ra8 32. Nc2 Rxa1 33. Nxa1 Ra8 34. b4 Qc4 35. Qxc4 bxc4 36. Nc2 Ra2 37. Ncd4 e5 38. fxe5 dxe5 39. Nc1 Ra1 40. Nde2 Ne7 41. Bf3 f5 42. Kg1 Bxe4 43. Bxe4 fxe4 44. Kf2 Nd5 45. b5 Rb1 46. b6 Rxb6 47. Na2 Rb2 0-1

[Event "Barcelona Sant Marti op 04th"]
[Site "Barcelona"]
[Date "2002.05.11"]
[Round "6.22"]
[White "Moreno Fernandez, Hector"]
[Black "Pujal Moncho, Joaquim"]
[Result "1/2-1/2"]
[WhiteElo "1870"]
[BlackElo "2035"]
[PlyCount "90"]
[EventDate "2002.04.06"]
[EventType "swiss"]
[EventRounds "9"]
[EventCountry "ESP"]
[SourceTitle "EXT 2003"]
[Source "ChessBase"]
[SourceDate "2002.11.25"]
[SourceVersion "1"]
[SourceVersionDate "2002.11.25"]
[SourceQuality "1"]

1. e4 d5 2. exd5 Qxd5 3. Nc3 Qa5 4. Bc4 e6 5. Nf3 Nf6 6. d3 c6 7. 0-0 Nbd7 8. Bd2 Qc7 9. Re1 Nb6 10. Bb3 Bd6 11. Ne4 Be7 12. Bc3 Nbd5 13. Bxd5 cxd5 14. Nxf6+ Bxf6 15. Bxf6 gxf6 16. d4 Bd7 17. c3 0-0-0 18. Qd2 Bc6 19. Qh6 Qe7 20. Re3 Rdg8 21. Nh4 Qd8 22. Rae1 f5 23. h3 Bd7 24. Qf4 Qg5 25. Qxg5 Rxg5 26. Nf3 Rg7 27. Nh4 Rhg8 28. Kh2 Kc7 29. Rg3 Rxg3 30. fxg3 Kd6 31. Rf1 f6 32. g4 fxg4 33. Rxf6 Ke7 34. Rf4 gxh3 35. gxh3 Be8 36. Rg4 Rxg4 37. hxg4 Kf6 38. Nf3 Bb5 39. Kg3 Be2 40. Ng1 Bd1 41. Kf4 h6 42. Nh3 Kg6 43. Nf2 Be2 44. a3 Kf6 45. Nh1 Bd1 1/2-1/2

[Event "Barcelona Sant Marti op 04th"]
[Site "Barcelona"]
[Date "2002.04.20"]
[Round "3.32"]
[White "Moreno Fernandez, Hector"]
[Black "Agea Carpintero, Albert"]
[Result "1/2-1/2"]
[WhiteElo "1870"]
[BlackElo "1760"]
[PlyCount "81"]
[EventDate "2002.04.06"]
[EventType "swiss"]
[EventRounds "9"]
[EventCountry "ESP"]
[SourceTitle "EXT 2003"]
[Source "ChessBase"]
[SourceDate "2002.11.25"]
[SourceVersion "1"]
[SourceVersionDate "2002.11.25"]
[SourceQuality "1"]

1. e4 c5 2. Nf3 d6 3. d4 cxd4 4. Nxd4 Nf6 5. Nc3 a6 6. Be3 e5 7. Nb3 Be6 8. Qd2 Nbd7 9. Be2 b5 10. a3 Be7 11. Rd1 0-0 12. 0-0 Nc5 13. Nxc5 dxc5 14. Qxd8 Rfxd8 15. f3 Rd7 16. Rxd7 Nxd7 17. Rd1 Nb6 18. Nd5 Bxd5 19. exd5 Rd8 20. c4 bxc4 21. Bc1 Rxd5 22. Rxd5 Nxd5 23. Bxc4 Nc7 24. a4 h6 25. Bd2 Kf8 26. Ba5 Bd6 27. Kf2 Ke7 28. h3 f5 29. Bxc7 Bxc7 30. Bxa6 Kd6 31. Bc8 g6 32. h4 f4 33. g4 g5 34. hxg5 hxg5 35. Bb7 c4 36. Ke2 Kc5 37. Kd2 Ba5+ 38. Kc2 Kd4 39. Bc6 Kc5 40. Bb7 Kb4 41. Bc6 1/2-1/2